Statistics for Country Pairs: South Africa and...

Click here to take the quiz!

General Stats

  • This quiz has been taken 23 times
  • The average score is 10 of 15

Answer Stats

DescriptionSouth Africa and...% Correct
Surrounds at least one enclaved countryItaly
95%
Borders EswatiniMozambique
95%
Has "South" in its official nameSouth Sudan
95%
Contains the southernmost point of the world's two major landmassesChile
86%
Home to the largest non-capital cities in AfricaNigeria
86%
Afrikaans is spoken by more than 5% of the populationNamibia
81%
Hosts the Kgalagadi Transfrontier ParkBotswana
76%
Southernmost in AfricaLesotho
76%
Where Gandhi led political and civil rights movementsIndia
67%
Has a city of over 10 million that begins with JIndonesia
67%
African country bordering two oceansEgypt
48%
Has a population over 50 million and is entirely south of the equatorTanzania
38%
Has one capital beginning with C, and another beginning with PBenin
33%
The executive government and the judiciary are seated in different citiesBolivia
33%
African country with more than 10 official languagesZimbabwe
33%

Score Distribution

Percentile by Number Answered

Percent of People with Each Score

Your Score History

You have not taken this quiz